Movies Quiz

Random Movies or Italian Quiz

Italian Genre Cinema Cast (Spaghetti Westerns III) Quiz Stats

 Plays Quiz not verified by Sporcle

Score 0/300 Timer 15:00
0 Plays Today
Hint Answer % Correct
Viva Cangaceiro (Giovanni Fago, 1970)Tomas Milian
76.9%
Sartana the Gravedigger (Giuliano Carnimeo, 1969)Klaus Kinski
68.4%
Boot Hill (Giuseppe Colizzi, 1969)Terence Hill
68.4%
Rough Justice (Mario Costa, 1970)Klaus Kinski
68.4%
They Call Me Trinity (Enzo Barboni, 1970)Terence Hill
68.4%
A Barrel Full of Dollars (Demofilo Fidani, 1971)Klaus Kinski
68.4%
A Fistful of Death (Demofilo Fidani, 1971)Klaus Kinski
68.4%
His Name Was King (Giancarlo Romitelli, 1971)Klaus Kinski
68.4%
Vengeance is a Dish Served Cold (Pasquale Squitieri, 1971)Klaus Kinski
68.4%
Shoot the Living and Pray for the Dead (Giuseppe Vari, 1971)Klaus Kinski
68.4%
Drummer of Vengeance (Mario Gariazzo, 1971)Craig Hill
68.4%
The Price of Death (Lorenzo Gicca Palli, 1971)Klaus Kinski
68.4%
Trinity Is Still My Name (Enzo Barboni, 1971)Terence Hill
68.4%
Shoot Twice (Nando Cicero, 1969)Klaus Kinski
68.4%
The Five Man Army (Don Taylor, 1969)Bud Spencer
63.2%
Sabata (Gianfranco Parolini, 1969)Lee Van Cleef
63.2%
The Price of Power (Tonino Valerii, 1969)Giuliano Gemma
63.2%
Boot Hill (Giuseppe Colizzi, 1969)Bud Spencer
63.2%
They Call Me Trinity (Enzo Barboni, 1970)Bud Spencer
63.2%
Return of Sabata (Gianfranco Parolini, 1971)Lee Van Cleef
63.2%
Trinity Is Still My Name (Enzo Barboni, 1971)Bud Spencer
63.2%
Sundance and the Kid (Duccio Tessari, 1969)Giuliano Gemma
63.2%
Tepepa (Giulio Petroni, 1969)Tomas Milian
63.2%
Sabata (Gianfranco Parolini, 1969)William Berger
57.9%
Ballad of Death Valley (Roberto Mauri, 1970)William Berger
57.9%
A Bullet for a Stranger (Giuliano Carnimeo, 1971)William Berger
57.9%
A Noose for Django (Sergio Garrone, 1969)William Berger
57.9%
Django the Bastard (Sergio Garrone, 1969)Anthony Steffen
52.6%
Boot Hill (Giuseppe Colizzi, 1969)Woody Strode
52.6%
Chuck Moll (Enzo Barboni, 1970)Woody Strode
52.6%
Shango (Edoardo Mulargia, 1970)Anthony Steffen
52.6%
Sabata the Killer (Tulio Demichelli, 1970)Anthony Steffen
52.6%
Adios, Sabata (Gianfranco Parolini, 1970)Yul Brynner
52.6%
Apocalypse Joe (Leopoldo Savona, 1970)Anthony Steffen
52.6%
Viva Django! (Edoardo Mulargia, 1971)Anthony Steffen
52.6%
A Noose for Django (Sergio Garrone, 1969)Anthony Steffen
52.6%
Tepepa (Giulio Petroni, 1969)Orson Welles
52.6%
The Forgotten Pistolero (Ferdinando Baldi, 1969)Jose Manuel Martin
47.4%
Sartana the Gravedigger (Giuliano Carnimeo, 1969)Gianni Garko
47.4%
The Price of Power (Tonino Valerii, 1969)Benito Stefanelli
47.4%
Boot Hill (Giuseppe Colizzi, 1969)George Eastman
47.4%
Night of the Serpent (Giulio Petroni, 1969)Benito Stefanelli
47.4%
Chuck Moll (Enzo Barboni, 1970)George Eastman
47.4%
Have a Good Funeral, My Friend... Sartana Will Pay (Giuliano Carnimeo, 1970)Gianni Garko
47.4%
Wanted Sabata (Roberto Mauri, 1970)Brad Harris
47.4%
Light the Fuse... Sartana Is Coming (Giuliano Carnimeo, 1970)Gianni Garko
47.4%
Durango Is Coming, Pay or Die (Roberto Bianchi Montero, 1971)Brad Harris
47.4%
Bastard, Go and Kill (Gino Mangini, 1971)George Eastman
47.4%
Bastard, Go and Kill (Gino Mangini, 1971)Jose Manuel Martin
47.4%
Terrible Day of the Big Gundown (Sergio Garrone, 1971)George Eastman
47.4%
Let's Go and Kill Sartana (Mario Pinzauti, 1971)George Martin
47.4%
The Price of Death (Lorenzo Gicca Palli, 1971)Gianni Garko
47.4%
A Bullet for a Stranger (Giuliano Carnimeo, 1971)Gianni Garko
47.4%
Viva Django! (Edoardo Mulargia, 1971)Benito Stefanelli
47.4%
Viva Cangaceiro (Giovanni Fago, 1970)Howard Ross
46.2%
Sabata (Gianfranco Parolini, 1969)Franco Ressel
42.1%
Sartana the Gravedigger (Giuliano Carnimeo, 1969)Frank Wolff
42.1%
Night of the Serpent (Giulio Petroni, 1969)Luigi Pistilli
42.1%
The Reward's Yours... The Man's Mine (Edoardo Mulargia, 1969)Robert Woods
42.1%
One Damned Day.. Django Meets Santara (Demofilo Fidani, 1970)Fabio Testi
42.1%
Sabata the Killer (Tulio Demichelli, 1970)Peter Lee Lawrence
42.1%
Have a Good Funeral, My Friend... Sartana Will Pay (Giuliano Carnimeo, 1970)Franco Ressel
42.1%
Durango Is Coming, Pay or Die (Roberto Bianchi Montero, 1971)Jose Torres
42.1%
Four Gunmen of the Holy Trinity (Giorgio Cristallini, 1971)Peter Lee Lawrence
42.1%
Dead Men Ride (Aldo Florio, 1971)Fabio Testi
42.1%
Savage Guns (Demfilo Fidani, 1971)Robert Woods
42.1%
My Name is Mallory... M Means Death (Mario Moroni, 1971)Robert Woods
42.1%
And His Name Was Holy Ghost (Roberto Mauri, 1971)Jose Torres
42.1%
Twenty Thousand Dollars for Seven (Alberto Cardone, 1969)Howard Ross
42.1%
Sartana the Gravedigger (Giuliano Carnimeo, 1969)Jose Torres
42.1%
Tepepa (Giulio Petroni, 1969)Jose Torres
42.1%
Cemetery Without Crosses (Robert Hossein, 1969)Robert Hossein
37.5%
Sabata (Gianfranco Parolini, 1969)Gianni Rizzo
36.8%
Sabata (Gianfranco Parolini, 1969)Ignazio Spalla
36.8%
The Forgotten Pistolero (Ferdinando Baldi, 1969)Leonard Mann
36.8%
The Forgotten Pistolero (Ferdinando Baldi, 1969)Peter Martell
36.8%
Four Came to Kill Sartana (Demofilo Fidani, 1969)Jeff Cameron
36.8%
The Reward's Yours... The Man's Mine (Edoardo Mulargia, 1969)Rosalba Neri
36.8%
Chuck Moll (Enzo Barboni, 1970)Leonard Mann
36.8%
Chuck Moll (Enzo Barboni, 1970)Peter Martell
36.8%
Adios, Sabata (Gianfranco Parolini, 1970)Ignazio Spalla
36.8%
Adios, Sabata (Gianfranco Parolini, 1970)Gianni Rizzo
36.8%
Kill Django... Kill First (Sergio Garrone, 1971)George Wang
36.8%
Kill Django... Kill First (Sergio Garrone, 1971)Aldo Sambrell
36.8%
A Barrel Full of Dollars (Demofilo Fidani, 1971)Jeff Cameron
36.8%
A Fistful of Death (Demofilo Fidani, 1971)Jeff Cameron
36.8%
Even Django Has His Price (Luigi Batzella, 1971)Jeff Cameron
36.8%
Vengeance is a Dish Served Cold (Pasquale Squitieri, 1971)Leonard Mann
36.8%
Return of Sabata (Gianfranco Parolini, 1971)Ignazio Spalla
36.8%
Return of Sabata (Gianfranco Parolini, 1971)Gianni Rizzo
36.8%
Drummer of Vengeance (Mario Gariazzo, 1971)Rosalba Neri
36.8%
Paid in Blood (Luigi Batzella, 1971)Jeff Cameron
36.8%
Twenty Thousand Dollars for Seven (Alberto Cardone, 1969)Fernando Sancho
36.8%
Quintana: Dead or Alive (Vincenzo Musolino, 1969)Ignazio Spalla
36.8%
Shadow of Sartana... Shadow of Your Death (Demofilo Fidani, 1969)Jeff Cameron
36.8%
Tepepa (Giulio Petroni, 1969)John Steiner
36.8%
Tepepa (Giulio Petroni, 1969)George Wang
36.8%
Desert of Fire (Renzo Merusi, 1971)George Wang
36.8%
The Forgotten Pistolero (Ferdinando Baldi, 1969)Piero Lulli
31.6%
Django the Bastard (Sergio Garrone, 1969)Luciano Rossi
31.6%
Hint Answer % Correct
The Forgotten Pistolero (Ferdinando Baldi, 1969)Luciano Rossi
31.6%
Four Came to Kill Sartana (Demofilo Fidani, 1969)Franco Rossi
31.6%
Sartana the Gravedigger (Giuliano Carnimeo, 1969)Gordon Mitchell
31.6%
The Price of Power (Tonino Valerii, 1969)Jose Calvo
31.6%
Boot Hill (Giuseppe Colizzi, 1969)Victor Buono
31.6%
The Reward's Yours... The Man's Mine (Edoardo Mulargia, 1969)Mario Brega
31.6%
Shango (Edoardo Mulargia, 1970)Eduardo Fajardo
31.6%
I Am Sartana, Trade Your Guns for a Coffin (Giuliano Carnimeo, 1970)Piero Lulli
31.6%
I Am Sartana, Trade Your Guns for a Coffin (Giuliano Carnimeo, 1970)Nello Pazzafini
31.6%
I Am Sartana, Trade Your Guns for a Coffin (Giuliano Carnimeo, 1970)Luciano Rossi
31.6%
Sabata the Killer (Tulio Demichelli, 1970)Eduardo Fajardo
31.6%
Adios, Sabata (Gianfranco Parolini, 1970)Dean Reed
31.6%
Chapaqua's Gold (Giancarlo Romitelli, 1970)Piero Lulli
31.6%
Django and Sartana Are Coming... It's the End (Demofilo Fidani, 1970)Gordon Mitchell
31.6%
Stranger That Kneels Beside the Shadow of a Corpse (Demofilo Fidani, 1970)Gordon Mitchell
31.6%
Apocalypse Joe (Leopoldo Savona, 1970)Eduardo Fajardo
31.6%
They Call Me Trinity (Enzo Barboni, 1970)Luciano Rossi
31.6%
Light the Fuse... Sartana Is Coming (Giuliano Carnimeo, 1970)Piero Lulli
31.6%
The Last Traitor (Giuseppe Vari, 1971)Donald O'Brien
31.6%
Finders Killers (Gianni Crea, 1971)Donald O'Brien
31.6%
Finders Killers (Gianni Crea, 1971)Gordon Mitchell
31.6%
Finders Killers (Gianni Crea, 1971)Mario Brega
31.6%
A Barrel Full of Dollars (Demofilo Fidani, 1971)Gordon Mitchell
31.6%
A Fistful of Death (Demofilo Fidani, 1971)Gordon Mitchell
31.6%
Terrible Day of the Big Gundown (Sergio Garrone, 1971)Nello Pazzafini
31.6%
Vengeance is a Dish Served Cold (Pasquale Squitieri, 1971)Ivan Rassimov
31.6%
Dead Men Ride (Aldo Florio, 1971)Eduardo Fajardo
31.6%
Dead Men Ride (Aldo Florio, 1971)Jose Calvo
31.6%
Let's Go and Kill Sartana (Mario Pinzauti, 1971)Gordon Mitchell
31.6%
Drummer of Vengeance (Mario Gariazzo, 1971)Gordon Mitchell
31.6%
A Bullet for a Stranger (Giuliano Carnimeo, 1971)Nello Pazzafini
31.6%
Paid in Blood (Luigi Batzella, 1971)Donald O'Brien
31.6%
Shoot Twice (Nando Cicero, 1969)Jose Calvo
31.6%
A Noose for Django (Sergio Garrone, 1969)Mario Brega
31.6%
Cemetery Without Crosses (Robert Hossein, 1969)Michele Mercier
31.3%
Viva Cangaceiro (Giovanni Fago, 1970)Eduardo Fajardo
30.8%
The Five Man Army (Don Taylor, 1969)Giacomo Rossi Stuart
26.3%
The Forgotten Pistolero (Ferdinando Baldi, 1969)Enzo Fiermonte
26.3%
The Price of Power (Tonino Valerii, 1969)Antonio Casas
26.3%
Chuck Moll (Enzo Barboni, 1970)Ida Galli
26.3%
Chuck Moll (Enzo Barboni, 1970)Enzo Fiermonte
26.3%
Django Defies Sartana (Pasquale Squitieri, 1970)George Ardisson
26.3%
Django Defies Sartana (Pasquale Squitieri, 1970)Tony Kendall
26.3%
One Damned Day.. Django Meets Santara (Demofilo Fidani, 1970)Jack Betts
26.3%
I Am Sartana, Trade Your Guns for a Coffin (Giuliano Carnimeo, 1970)George Hilton
26.3%
Ballad of Death Valley (Roberto Mauri, 1970)Wayde Preston
26.3%
Rough Justice (Mario Costa, 1970)Guido Lollobrigida
26.3%
Chapaqua's Gold (Giancarlo Romitelli, 1970)George Ardisson
26.3%
Chapaqua's Gold (Giancarlo Romitelli, 1970)Rik Battaglia
26.3%
Matalo! (Cesare Canevari, 1970)Lou Castel
26.3%
Django and Sartana Are Coming... It's the End (Demofilo Fidani, 1970)Jack Betts
26.3%
Stranger That Kneels Beside the Shadow of a Corpse (Demofilo Fidani, 1970)Jack Betts
26.3%
Wanted Sabata (Roberto Mauri, 1970)Giovanni Cianfriglia
26.3%
Hey Amigo! A Toast to Your Death (Paolo Bianchini, 1970)Wayde Preston
26.3%
Hey Amigo! A Toast to Your Death (Paolo Bianchini, 1970)Rik Battaglia
26.3%
Hey Amigo! A Toast to Your Death (Paolo Bianchini, 1970)Raf Baldassarre
26.3%
They Call Me Trinity (Enzo Barboni, 1970)Farley Granger
26.3%
Light the Fuse... Sartana Is Coming (Giuliano Carnimeo, 1970)Nieves Navarro
26.3%
Light the Fuse... Sartana Is Coming (Giuliano Carnimeo, 1970)Massimo Serato
26.3%
Kill Django... Kill First (Sergio Garrone, 1971)Giacomo Rossi Stuart
26.3%
Brother Outlaw (Edoardo Mulargia, 1971)Tony Kendall
26.3%
A Barrel Full of Dollars (Demofilo Fidani, 1971)Jack Betts
26.3%
Finders Killers (Gianni Crea, 1971)Femi Benussi
26.3%
A Fistful of Death (Demofilo Fidani, 1971)Jack Betts
26.3%
His Name Was King (Giancarlo Romitelli, 1971)Richard Harrison
26.3%
Four Gunmen of the Holy Trinity (Giorgio Cristallini, 1971)Ida Galli
26.3%
Four Gunmen of the Holy Trinity (Giorgio Cristallini, 1971)Raf Baldassarre
26.3%
Terrible Day of the Big Gundown (Sergio Garrone, 1971)Ty Hardin
26.3%
Terrible Day of the Big Gundown (Sergio Garrone, 1971)Guido Lollobrigida
26.3%
Gunman of One Hundred Crosses (Carlo Croccolo, 1971)Tony Kendall
26.3%
Gunman of One Hundred Crosses (Carlo Croccolo, 1971)Mimmo Palmara
26.3%
Vengeance is a Dish Served Cold (Pasquale Squitieri, 1971)Enzo Fiermonte
26.3%
Dead Men Ride (Aldo Florio, 1971)Massimo Serato
26.3%
Drummer of Vengeance (Mario Gariazzo, 1971)Ty Hardin
26.3%
Drummer of Vengeance (Mario Gariazzo, 1971)Guido Lollobrigida
26.3%
Drummer of Vengeance (Mario Gariazzo, 1971)Raf Baldassarre
26.3%
Drummer of Vengeance (Mario Gariazzo, 1971)Giovanni Cianfriglia
26.3%
Blindman (Ferdinando Baldi, 1971)Tony Anthony
26.3%
Blindman (Ferdinando Baldi, 1971)Raf Baldassarre
26.3%
And His Name Was Holy Ghost (Roberto Mauri, 1971)Mimmo Palmara
26.3%
And His Name Was Holy Ghost (Roberto Mauri, 1971)Jack Betts
26.3%
Sundance and the Kid (Duccio Tessari, 1969)Antonio Casas
26.3%
Twenty Thousand Dollars for Seven (Alberto Cardone, 1969)Antonio Casas
26.3%
God Will Forgive My Pistol (Mario Gariazzo, 1969)Wayde Preston
26.3%
Quintana: Dead or Alive (Vincenzo Musolino, 1969)Femi Benussi
26.3%
Hate is My God (Claudio Gora, 1969)Tony Kendall
26.3%
A Noose for Django (Sergio Garrone, 1969)Nicoletta Machiavelli
26.3%
Cemetery Without Crosses (Robert Hossein, 1969)Daniele Vargas
25%
Django the Bastard (Sergio Garrone, 1969)Rada Rassimov
23.1%
The Five Man Army (Don Taylor, 1969)Claudio Gora
21.1%
The Five Man Army (Don Taylor, 1969)Daniela Giordano
21.1%
Sartana the Gravedigger (Giuliano Carnimeo, 1969)Ettore Manni
21.1%
Sartana the Gravedigger (Giuliano Carnimeo, 1969)Renato Baldini
21.1%
The Price of Power (Tonino Valerii, 1969)Fernando Rey
21.1%
Boot Hill (Giuseppe Colizzi, 1969)Alberto Dell'Acqua
21.1%
Night of the Serpent (Giulio Petroni, 1969)Magda Konopka
21.1%
Night of the Serpent (Giulio Petroni, 1969)Chelo Alonso
21.1%
Shango (Edoardo Mulargia, 1970)Maurice Poli
21.1%
Ballad of Death Valley (Roberto Mauri, 1970)Luciano Pigozzi
21.1%
Rough Justice (Mario Costa, 1970)Gabriella Giorgelli
21.1%
Hint Answer % Correct
Adios, Sabata (Gianfranco Parolini, 1970)Sal Borgese
21.1%
Have a Good Funeral, My Friend... Sartana Will Pay (Giuliano Carnimeo, 1970)Daniela Giordano
21.1%
Have a Good Funeral, My Friend... Sartana Will Pay (Giuliano Carnimeo, 1970)Helga Line
21.1%
Django and Sartana Are Coming... It's the End (Demofilo Fidani, 1970)Franco Borelli
21.1%
Django and Sartana Are Coming... It's the End (Demofilo Fidani, 1970)Ettore Manni
21.1%
Stranger That Kneels Beside the Shadow of a Corpse (Demofilo Fidani, 1970)Franco Borelli
21.1%
Stranger That Kneels Beside the Shadow of a Corpse (Demofilo Fidani, 1970)Ettore Manni
21.1%
They Call Me Trinity (Enzo Barboni, 1970)Gisela Hahn
21.1%
Brother Outlaw (Edoardo Mulargia, 1971)Dino Strano
21.1%
Durango Is Coming, Pay or Die (Roberto Bianchi Montero, 1971)Gisela Hahn
21.1%
The Last Traitor (Giuseppe Vari, 1971)Maurice Poli
21.1%
The Last Traitor (Giuseppe Vari, 1971)Dino Strano
21.1%
Finders Killers (Gianni Crea, 1971)Dino Strano
21.1%
Four Gunmen of the Holy Trinity (Giorgio Cristallini, 1971)Daniela Giordano
21.1%
Four Gunmen of the Holy Trinity (Giorgio Cristallini, 1971)Daniele Vargas
21.1%
Terrible Day of the Big Gundown (Sergio Garrone, 1971)Federico Boido
21.1%
Dead Men Ride (Aldo Florio, 1971)Luciano Pigozzi
21.1%
Blindman (Ferdinando Baldi, 1971)Magda Konopka
21.1%
Savage Guns (Demfilo Fidani, 1971)Dino Strano
21.1%
My Name is Mallory... M Means Death (Mario Moroni, 1971)Gabriella Giorgelli
21.1%
My Name is Mallory... M Means Death (Mario Moroni, 1971)Renato Baldini
21.1%
Twenty Thousand Dollars for Seven (Alberto Cardone, 1969)Brett Halsey
21.1%
God Will Forgive My Pistol (Mario Gariazzo, 1969)Giuseppe Addobbati
21.1%
God Will Forgive My Pistol (Mario Gariazzo, 1969)Loredana Nusciak
21.1%
Heads or Tails (Piero Pierotti, 1969)Edwige Fenech
21.1%
Hate is My God (Claudio Gora, 1969)Claudio Gora
21.1%
Sartana the Gravedigger (Giuliano Carnimeo, 1969)Federico Boido
21.1%
Sartana the Gravedigger (Giuliano Carnimeo, 1969)Salvatore Borghese
21.1%
Desert of Fire (Renzo Merusi, 1971)Giuseppe Addobbati
21.1%
Desert of Fire (Renzo Merusi, 1971)Edwige Fenech
21.1%
Cemetery Without Crosses (Robert Hossein, 1969)Guido Lollobrigida
18.8%
The Five Man Army (Don Taylor, 1969)Peter Graves
15.8%
The Five Man Army (Don Taylor, 1969)Nino Castelnuovo
15.8%
The Forgotten Pistolero (Ferdinando Baldi, 1969)Alberto De Mendoza
15.8%
The Forgotten Pistolero (Ferdinando Baldi, 1969)Luciana Paluzzi
15.8%
The Price of Power (Tonino Valerii, 1969)Van Johnson
15.8%
Boot Hill (Giuseppe Colizzi, 1969)Lionel Stander
15.8%
Night of the Serpent (Giulio Petroni, 1969)Luke Askew
15.8%
Chuck Moll (Enzo Barboni, 1970)Andrea Aureli
15.8%
One Damned Day.. Django Meets Santara (Demofilo Fidani, 1970)Pietro Torrisi
15.8%
Ringo, It's Massacre Time (Mario Pinzauti, 1970)Mickey Hargitay
15.8%
I Am Sartana, Trade Your Guns for a Coffin (Giuliano Carnimeo, 1970)Erika Blanc
15.8%
Ballad of Death Valley (Roberto Mauri, 1970)Franco De Rosa
15.8%
Have a Good Funeral, My Friend... Sartana Will Pay (Giuliano Carnimeo, 1970)Ivano Staccioli
15.8%
A Fistful of Death (Demofilo Fidani, 1971)Giancarlo Prete
15.8%
Four Gunmen of the Holy Trinity (Giorgio Cristallini, 1971)Umberto Raho
15.8%
Terrible Day of the Big Gundown (Sergio Garrone, 1971)Bruno Corazzari
15.8%
Vengeance is a Dish Served Cold (Pasquale Squitieri, 1971)Pietro Torrisi
15.8%
Return of Sabata (Gianfranco Parolini, 1971)Reiner Schone
15.8%
Drummer of Vengeance (Mario Gariazzo, 1971)Bruno Corazzari
15.8%
Drummer of Vengeance (Mario Gariazzo, 1971)Umberto Raho
15.8%
The Price of Death (Lorenzo Gicca Palli, 1971)Giancarlo Prete
15.8%
Sundance and the Kid (Duccio Tessari, 1969)George Rigaud
15.8%
Shoot Twice (Nando Cicero, 1969)Antonio Sabato
15.8%
Light the Fuse... Sartana Is Coming (Giuliano Carnimeo, 1970)Bruno Corazzari
15.8%
God Will Forgive My Pistol (Mario Gariazzo, 1969)Livio Lorenzon
15.8%
God Will Forgive My Pistol (Mario Gariazzo, 1969)Dan Vadis
15.8%
Quintana: Dead or Alive (Vincenzo Musolino, 1969)Tony Di Mitri
15.8%
Hate is My God (Claudio Gora, 1969)Marina Berti
15.8%
The Five Man Army (Don Taylor, 1969)James Daly
10.5%
The Five Man Army (Don Taylor, 1969)Tetsuro Tanba
10.5%
Night of the Serpent (Giulio Petroni, 1969)Franco Balducci
10.5%
Night of the Serpent (Giulio Petroni, 1969)Clara Colosimo
10.5%
Django Defies Sartana (Pasquale Squitieri, 1970)Fulvio Mingozzi
10.5%
Ringo, It's Massacre Time (Mario Pinzauti, 1970)Jean Louis
10.5%
I Am Sartana, Trade Your Guns for a Coffin (Giuliano Carnimeo, 1970)Charles Southwood
10.5%
Adios, Sabata (Gianfranco Parolini, 1970)Franco Fantasia
10.5%
Adios, Sabata (Gianfranco Parolini, 1970)Andrea Scotti
10.5%
Matalo! (Cesare Canevari, 1970)Corrado Pani
10.5%
Return of Sabata (Gianfranco Parolini, 1971)Giampiero Albertini
10.5%
Blindman (Ferdinando Baldi, 1971)Ringo Starr
10.5%
And His Name Was Holy Ghost (Roberto Mauri, 1971)Vassili Karis
10.5%
Sundance and the Kid (Duccio Tessari, 1969)Sydne Rome
10.5%
Sundance and the Kid (Duccio Tessari, 1969)Nino Benvenuti
10.5%
Shoot Twice (Nando Cicero, 1969)Cristina Galbo
10.5%
Twenty Thousand Dollars for Seven (Alberto Cardone, 1969)Teresa Gimpera
10.5%
Heads or Tails (Piero Pierotti, 1969)Franco Lantieri
10.5%
Heads or Tails (Piero Pierotti, 1969)Spela Rozin
10.5%
Heads or Tails (Piero Pierotti, 1969)John Ericson
10.5%
Hate is My God (Claudio Gora, 1969)Venantino Venantini
10.5%
Sartana the Gravedigger (Giuliano Carnimeo, 1969)Tullio Altamura
10.5%
A Noose for Django (Sergio Garrone, 1969)Riccardo Garrone
10.5%
Law of Violence (Gianni Crea, 1969)Angel Aranda
10.5%
Law of Violence (Gianni Crea, 1969)Igli Villani
10.5%
Law of Violence (Gianni Crea, 1969)Giorgio Cerioni
10.5%
Shadow of Sartana... Shadow of Your Death (Demofilo Fidani, 1969)Paolo Figlia
10.5%
Shadow of Sartana... Shadow of Your Death (Demofilo Fidani, 1969)Benito Pacifico
10.5%
Viva Cangaceiro (Giovanni Fago, 1970)Leo Anchoriz
7.7%
Cemetery Without Crosses (Robert Hossein, 1969)Serge Marquand
6.3%
Cemetery Without Crosses (Robert Hossein, 1969)Michel Lemoine
6.3%
The Price of Power (Tonino Valerii, 1969)Warren Venders
5.3%
Four Gunmen of the Holy Trinity (Giorgio Cristallini, 1971)Philippe Hersent
5.3%
Gunman of One Hundred Crosses (Carlo Croccolo, 1971)Marina Malfatti
5.3%
Shoot the Living and Pray for the Dead (Giuseppe Vari, 1971)Dante Maggio
5.3%
Return of Sabata (Gianfranco Parolini, 1971)Annabella Incontrera
5.3%
Drummer of Vengeance (Mario Gariazzo, 1971)Rossano Brazzi
5.3%
Rough Justice (Mario Costa, 1970)Giuseppe Cardillo
5.3%
Viva Django! (Edoardo Mulargia, 1971)Chris Avram
5.3%
Viva Cangaceiro (Giovanni Fago, 1970)Ugo Pagliai
0%
Even Django Has His Price (Luigi Batzella, 1971)John Desmont
0%

You're not logged in!

Compare scores with friends on all Sporcle quizzes.
OR
Log In

Sporcle TV

Today on Sporcle TV


Watch our educational content, quiz creation guides, and fun videos on Sporcle TV.

Show Comments

Extras

Top Quizzes Today


Score Distribution

Your Account Isn't Verified!

In order to create a playlist on Sporcle, you need to verify the email address you used during registration. Go to your Sporcle Settings to finish the process.

Report this User

Report this user for behavior that violates our Community Guidelines.

Details: